| 000 | 00381nam a2200145Ia 4500 | ||
|---|---|---|---|
| 008 | 150201s2000 xx 000 0 und d | ||
| 082 |
_a617.692 _bC2000T |
||
| 100 | _aTAYLOR, THOMAS D | ||
| 245 | _aCLINICAL MAXILLOFACIAL PROSTHODONTICS | ||
| 250 | _a1ST | ||
| 260 |
_bQUINTESSENCE PUBLICATION _aCHICAGO _c2000 |
||
| 300 | _a1-304 | ||
| 650 | _aPROSTHODONTICS | ||
| 942 |
_2ddc _cBK _03 |
||
| 999 |
_c4444 _d4444 |
||